Riconosci il Calciatore - Quiz n°524 - Statistics

Statistiche generali
  • Questo quiz è stato fatto 7 volte
  • Il punteggio medio è 9 su 19
Statistiche sulle risposte
Indizio Risposta % Corretto
Squadra di club 5 Barcellona 2003-2007
100%
Squadra di club 6 Feyenoord 2007-2010
100%
Nazionalità Paesi Bassi
100%
Squadra di club 4 Arsenal 2001-2003
86%
Ruolo Difensore
86%
Data di nascita 05/02/1975
71%
Squadra di club 2 Feyenoord 1994-1998
71%
Squadra di club 3 Rangers 1998-2001
71%
Squadra di club 1 RKC Waalwijk 1993-1994
57%
Gol nei club 69
29%
Trofei per club Coppa dei Paesi Bassi: 2 Feyenoord: 1994-1995, 2007-2008 Campionato scozzese: 2 Rangers: 1998-1999, 1999-2000 Coppa di Scozia: 2 Rangers: 1998-1999, 1999-2000 Coppa di Lega scozzese: 1 Rangers: 1998-1999 Campionato inglese: 1 Arsenal: 2001-2002 Coppa d'Inghilterra: 2 Arsenal: 2001-2002, 2002-2003 Community Shield: 1 Arsenal: 2002 Campionato spagnolo: 2 Barcellona: 2004-2005, 2005-2006 Supercoppa di Spagna: 2 Barcellona: 2005, 2006 UEFA Champions League: 1 Barcellona: 2005-2006
29%
Trofei per nazionali 0
14%
Trofei individuali 0
14%
Presenze in nazionale 106
14%
Altezza 179 cm
14%
Gol in nazionale 6
14%
Peso 77 kg
14%
Presenze nei club 600
0%
Calciatore Giovanni van Bronckhorst
0%
Nessun quiz corrispondente trovato
Distribuzione punteggi
Percentuale di utenti per punteggio
Percentile per numero di risposta
I tuoi punteggi nel tempo
Non hai fatto questo quiz